Normal view
MARC view
- البرقوني,عدلي تأليف
Entry Personal Name
001 - CONTROL NUMBER
- control field: 38210
003 - CONTROL NUMBER IDENTIFIER
- control field: JO-AjAnu
005 - DATE AND TIME OF LATEST TRANSACTION
- control field: 20230606080350.0
008 - FIXED-LENGTH DATA ELEMENTS
- fixed length control field: 230606|| aca||aabn | a|a d
040 ## - CATALOGING SOURCE
- Original cataloging agency: JO-AjAnu
- Transcribing agency: JO-AjAnu
100 ## - HEADING--PERSONAL NAME
- Personal name: البرقوني,عدلي تأليف
670 ## - SOURCE DATA FOUND
- Source citation: Work cat.: (JO-AjAnu)19602: البرقوني,عدلي تأليف, author, تعلم الفرنسية: دليلك في السياحة والسفر والتسوق والعمل